00861 2200289 4500001002100000005001500021035002500036008004100061020002200102040001700124082001500141084001700156100002500173245009900198250003200297260003600329300002500365500003400390650003100424700001700455850001200472007000300484090002100487090002100508999002100529990002100550INLIS00000000001359420200306111844 a0010-091500000002107150922s2015 yoi fr ind d a978-602-296-180-5 aYOPDYOGbind04223a297.63 a297.63 UKA i0 aUkasyah Habibu Ahmad10aInilah wanita yang paling cepat masuk surga /cUkasyah Habibu Ahmad ; penyunting, Rasul Hanafi aCetakan pertama, Maret 201531aYogyakarta :bDiva Press,c2015 a208 halaman ;c20 cm aBibliografi : halaman 201-205 4aIslam dan kedudukan wanita0 aRasul Hanafi aYOPDYOGta aDEP 297.63 UKA i aCB-D.11 2015-358 aCB-D.11/2015-358 aCB-D.11/2015-358